Dobrovoľníci s umom hospodárov
VOCA (Dobrovoľníci pre pomoc družstevníctvu v zahraničí) - nezisková, súkromná organizácia založená vo Washingtone r. 1970. Usiluje sa v medzinárodnom meradle podporiť ekonomický rozvoj všetkých druhov podnikov agrokomplexu a zároveň prispieť k zlepšeniu životného prostredia vo vidieckych oblastiach...
Enregistré dans:
| Auteur principal: | |
|---|---|
| Format: | Chapitre de livre |
| Langue: | slovaque |
| Sujets: | |
| Tags: |
Pas de tags, Soyez le premier à ajouter un tag!
|
MARC
| LEADER | 00000naa a2200000 4500 | ||
|---|---|---|---|
| 001 | r023178 | ||
| 005 | 20230801105901.5 | ||
| 041 | 0 | |a slo | |
| 044 | |a SK | ||
| 245 | 1 | 0 | |a Dobrovoľníci s umom hospodárov |c Eva Pichlerová |
| 520 | |a VOCA (Dobrovoľníci pre pomoc družstevníctvu v zahraničí) - nezisková, súkromná organizácia založená vo Washingtone r. 1970. Usiluje sa v medzinárodnom meradle podporiť ekonomický rozvoj všetkých druhov podnikov agrokomplexu a zároveň prispieť k zlepšeniu životného prostredia vo vidieckych oblastiach. | ||
| 610 | 2 | 0 | |a USA |
| 610 | 2 | 0 | |a pracovníci dobrovoľní |
| 610 | 2 | 0 | |a Slovensko |
| 610 | 2 | 0 | |a 1970-1995 |
| 610 | 2 | 0 | |a 1996 |
| 610 | 2 | 0 | |a družstevníctvo |
| 610 | 2 | 0 | |a VOCA |
| 610 | 2 | 0 | |a pomoc zahraničná |
| 610 | 2 | 0 | |a agrokomplex |
| 610 | 2 | 0 | |a organizácie neziskové |
| 610 | 2 | 0 | |a vidiek |
| 100 | 1 | |a Pichlerová, Eva | |